| 000 | 00525cam a2200181 4500500 | ||
|---|---|---|---|
| 005 | 20260405003711.0 | ||
| 041 | _afre | ||
| 042 | _adc | ||
| 100 | 1 | 0 |
_aGoron, Gaëtan _eauthor |
| 245 | 0 | 0 | _aPhilocroisés #90 |
| 260 | _c2023. | ||
| 500 | _a73 | ||
| 690 | _aGaëtan Goron | ||
| 690 | _aJeu | ||
| 690 | _aMots croisés | ||
| 786 | 0 | _nPhilosophie magazine | 169 | 5 | 2023-05-01 | p. 77-77 | 1951-1787 | |
| 856 | 4 | 1 | _uhttps://shs.cairn.info/magazine-philosophie-magazine-2023-5-page-77?lang=fr&redirect-ssocas=7080 |
| 999 |
_c2069983 _d2069983 |
||